[Event "Elit(Vasteras-Burgsvik)"]
[Site "?"]
[Date "2014.01.19"]
[Round "6"]
[White "Orndahl, Markus"]
[Black "Tuvesson, Mats"]
[Result "1-0"]
[WhiteElo "2251"]
[BlackElo "2209"]
[PlyCount "53"]

1. e4 c5 2. Nf3 e6 3. d4 cxd4 4. Nxd4 a6 5. Bd3 Nc6 6. Nb3 Qc7 7. O-O Nf6 8.
Nc3 b5 9. Qe2 Be7 10. f4 d6 11. Bd2 Bb7 12. Rae1 b4 13. Na4 d5 14. exd5 Nxd5
15. f5 exf5 16. Rxf5 Nf6 17. Bf4 Qd8 18. Nac5 Bc8 19. Qf3 Qb6 20. Rxf6 gxf6 21.
Be3 Qc7 22. Bh6 f5 23. Kh1 Ra7 24. Bf4 Qb6 25. Na4 Qb7 26. Nbc5 Qa8 27. Nb6 1-0

[Event "Elit(Vasteras-Burgsvik)"]
[Site "?"]
[Date "2014.01.19"]
[Round "6"]
[White "Packalen, Marcus"]
[Black "Janse, Rasmus"]
[Result "1/2-1/2"]
[WhiteElo "2206"]
[BlackElo "2281"]
[PlyCount "43"]

1. e4 e6 2. d4 d5 3. Nc3 Bb4 4. exd5 exd5 5. Bd3 Nc6 6. a3 Bxc3+ 7. bxc3 Qf6 8.
Qh5 Nge7 9. Bg5 Qe6+ 10. Ne2 Qg4 11. Ng3 Qxh5 12. Nxh5 O-O 13. Rb1 Nd8 14. O-O
f6 15. Bf4 Ne6 16. Bg3 b6 17. Rfe1 Kf7 18. c4 g6 19. Nf4 Nxf4 20. Bxf4 Ba6 21.
Rb4 dxc4 22. Bxc4+ 1/2-1/2

[Event "Elit(Vasteras-Burgsvik)"]
[Site "?"]
[Date "2014.01.19"]
[Round "6"]
[White "Norberg, Erik"]
[Black "Linusson, Pelle"]
[Result "1/2-1/2"]
[WhiteElo "2246"]
[BlackElo "2204"]
[PlyCount "141"]

1. g3 g6 2. Bg2 Bg7 3. c4 c5 4. Nc3 Nc6 5. e4 Nf6 6. Nge2 O-O 7. O-O Ne8 8. a3
Nc7 9. Rb1 Ne6 10. b4 d6 11. d3 Ned4 12. Be3 Rb8 13. Qd2 Bh3 14. Bxd4 Nxd4 15.
Nxd4 cxd4 16. Bxh3 dxc3 17. Qe3 Qb6 18. c5 dxc5 19. bxc5 Qa5 20. d4 Rfd8 21. e5
e6 22. Rfc1 b6 23. c6 Rbc8 24. Rxc3 Rc7 25. Bg2 Bf8 26. Rd3 Be7 27. Rbd1 Qa4
28. h4 h5 29. Be4 Kg7 30. Qf4 Rcc8 31. Kg2 a5 32. R1d2 Qc4 33. Rf3 Rf8 34. Qe3
Rfd8 35. Rc2 Qxd4 36. c7 Qxe3 37. Rxe3 Rd7 38. Rec3 Bc5 39. Bc6 Rdxc7 40. Bb5
Rd8 41. a4 Rcc8 42. Rd3 Rxd3 43. Bxd3 Rd8 44. Bb5 Rd5 45. Re2 Bd4 46. f4 Bc5
47. Kf1 Rd4 48. Rc2 f6 49. exf6+ Kxf6 50. Re2 Bd6 51. Kf2 e5 52. Ke3 Rb4 53.
fxe5+ Bxe5 54. Rf2+ Kg7 55. Rf3 Bd4+ 56. Ke4 Bc5+ 57. Kd5 Rd4+ 58. Ke5 Rd2 59.
Bd3 Rg2 60. Ke6 Rf2 61. Be4 Rxf3 62. Bxf3 Bf2 63. g4 hxg4 64. Bxg4 b5 65. axb5
a4 66. Ke5 a3 67. Be6 Bxh4 68. b6 Bf2 69. b7 Ba7 70. Kf4 Kf6 71. Ba2 1/2-1/2

[Event "Elit(Limhamn-Eksjo)"]
[Site "?"]
[Date "2014.02.01"]
[Round "5"]
[White "Carlsson, Pontus"]
[Black "Hector, Jonny"]
[Result "1/2-1/2"]
[WhiteElo "2597"]
[BlackElo "2582"]
[PlyCount "167"]
[SourceDate "2014.02.06"]

1. e4 e5 2. Nf3 Nc6 3. d4 exd4 4. Nxd4 Qf6 5. Nb5 Bc5 6. Qe2 Qd8 7. Be3 d6 8.
Nd2 a6 9. Nc3 Nge7 10. Bxc5 dxc5 11. O-O-O Be6 12. Nb3 Nd4 13. Qh5 Qd6 14. Nxc5
O-O 15. Kb1 Nec6 16. Nxe6 fxe6 17. e5 Qe7 18. Bd3 g6 19. Qh6 Nxe5 20. Bxg6 c5
21. Bh5 Nc4 22. Bf3 Rad8 23. Rhe1 Kh8 24. Bd5 Nb6 25. Be4 Rxf2 26. Qh5 Nc4 27.
Bd3 b5 28. Bxc4 bxc4 29. Qe5+ Qf6 30. Qxf6+ Rxf6 31. Ne4 Rf5 32. c3 Nc6 33. Rd6
Rxd6 34. Nxd6 Rf2 35. Nxc4 Nd8 36. Rd1 Nf7 37. Rd2 Rf1+ 38. Kc2 Kg7 39. Kb3 Kf6
40. a4 Ke7 41. a5 Ra1 42. Kc2 Rh1 43. g3 h5 44. Kb3 Rg1 45. Re2 h4 46. gxh4 Rg4
47. Ne3 Re4 48. h5 Re5 49. c4 Kd6 50. Kc3 Rxh5 51. b4 cxb4+ 52. Kxb4 Ne5 53.
c5+ Kc7 54. Nc4 Nd3+ 55. Kc3 Nxc5 56. Rc2 Kc6 57. Kb4 Nd3+ 58. Kc3 Nc5 59. Kb4
Rh4 60. Rd2 Nb7 61. Rc2 Nd6 62. Kb3 Ne4 63. Kb4 Nf6 64. Kb3 Rh3+ 65. Ka4 Nd5
66. Ne5+ Kd6 67. Nc4+ Kc5 68. Nb6+ Kd4 69. Rc4+ Ke5 70. Rc2 Rh4+ 71. Ka3 Kd6
72. Nc8+ Kd7 73. Nb6+ Kd6 74. Nc8+ Ke5 75. Re2+ Re4 76. Rxe4+ Kxe4 77. Nb6 Ne7
78. Nd7 Kd4 79. Nb8 e5 80. Nxa6 Nc6 81. Nb4 Nxa5 82. Ka4 Nc4 83. Nc6+ Kd5 84.
Nxe5 1/2-1/2

[Event "Elit(Limhamn-Eksjo)"]
[Site "?"]
[Date "2014.02.01"]
[Round "5"]
[White "Ahlander, Bjorn"]
[Black "Gdanski, Jacek"]
[Result "0-1"]
[WhiteElo "2521"]
[BlackElo "2574"]
[PlyCount "96"]

1. c4 e5 2. Nc3 Nf6 3. Nf3 Nc6 4. d4 exd4 5. Nxd4 Bb4 6. Bg5 h6 7. Bh4 O-O 8.
e3 Re8 9. Be2 Ne5 10. Qb3 Bxc3+ 11. Qxc3 Ng6 12. Bxf6 Qxf6 13. Nb5 Qd8 14. c5
a6 15. Nd4 d6 16. cxd6 Qxd6 17. Rc1 Nh4 18. Qxc7 Nxg2+ 19. Kd2 Qb4+ 20. Qc3 Qb6
21. Rhg1 Bh3 22. Bf3 Qf6 23. Rc2 Rac8 24. Qd3 Rcd8 25. Kc1 Rxd4 26. exd4 Bf5
27. Qc3 Bxc2 28. Kxc2 Qf5+ 29. Kb3 Rc8 30. Qxc8+ Qxc8 31. Rxg2 Qf5 32. Rg3 Qd3+
33. Kb4 Qxd4+ 34. Ka3 b5 35. b3 Qc5+ 36. Kb2 Qxf2+ 37. Ka3 Qxh2 38. Rg4 Qd6+
39. Kb2 f5 40. Rg2 g5 41. Rc2 g4 42. Be2 Kg7 43. Kc1 h5 44. Rd2 Qc5+ 45. Kd1
Qg1+ 46. Kc2 h4 47. Rd7+ Kf6 48. Rd6+ Kg5 0-1

[Event "Elit(Limhamn-Eksjo)"]
[Site "?"]
[Date "2014.02.01"]
[Round "5"]
[White "Rasmussen, Allan Stig"]
[Black "Brynell, Stellan"]
[Result "1/2-1/2"]
[WhiteElo "2572"]
[BlackElo "2549"]
[PlyCount "77"]

1. b3 d5 2. Bb2 c5 3. e3 e6 4. Nf3 Nf6 5. c4 dxc4 6. bxc4 g6 7. g3 Bg7 8. Bg2
O-O 9. O-O Nc6 10. Qe2 Bd7 11. Nc3 Rc8 12. Rfd1 Qe7 13. Rab1 Rfd8 14. Ba3 b6
15. d4 Na5 16. e4 Bc6 17. e5 Nd7 18. d5 Bb7 19. Re1 Nxe5 20. Nxe5 Bxe5 21. Qxe5
Nxc4 22. Qe2 Nxa3 23. d6 Qxd6 24. Bxb7 Nxb1 25. Ne4 Nc3 26. Nxc3 Rb8 27. Qf3
Qd3 28. Re3 Qf5 29. Qc6 Rd3 30. Qc7 Rxb7 31. Qxb7 Rxe3 32. Qb8+ Kg7 33. fxe3
Qd3 34. Qe5+ f6 35. Qc7+ Kg8 36. Qb8+ Kg7 37. Qc7+ Kg8 38. Qb8+ Kg7 39. Qc7+
1/2-1/2

[Event "Elit(Limhamn-Eksjo)"]
[Site "?"]
[Date "2014.02.01"]
[Round "5"]
[White "Jepson, Christian"]
[Black "Bejtovic, Jasmin"]
[Result "1-0"]
[WhiteElo "2471"]
[BlackElo "2459"]
[PlyCount "150"]

1. d4 Nf6 2. c4 g6 3. Nc3 Bg7 4. e4 d6 5. f4 O-O 6. Nf3 Na6 7. Bd3 Bg4 8. O-O
Nd7 9. Be3 e5 10. fxe5 c5 11. Be2 Bxf3 12. gxf3 cxd4 13. Bxd4 dxe5 14. Be3 Nac5
15. Qd2 Ne6 16. Rad1 Nd4 17. Nb5 Nc5 18. Nxd4 exd4 19. Bxd4 Bxd4+ 20. Qxd4 Qg5+
21. Kh1 Ne6 22. Qf2 Nf4 23. Rfe1 Rfd8 24. Bf1 a5 25. Qg3 Qf6 26. e5 Qf5 27. Rd6
Re8 28. Re4 Nh5 29. Qf2 Re7 30. Qe3 Rae8 31. f4 g5 32. Bh3 Ng3+ 33. hxg3 Qxh3+
34. Kg1 Re6 35. Rxe6 Rxe6 36. fxg5 Rg6 37. Qf4 Qh5 38. Qg4 Qxg4 39. Rxg4 h5 40.
Re4 Rxg5 41. Kf2 Kf8 42. e6 fxe6 43. Rxe6 b5 44. b3 bxc4 45. bxc4 Rg4 46. Rf6+
Ke7 47. Rf4 Rg5 48. Rd4 Ke6 49. Kg2 a4 50. Kh3 Re5 51. c5 Rxc5 52. Rxa4 Rc2 53.
Kh4 Rh2+ 54. Kg5 Rh3 55. Ra3 Kd5 56. Kf4 h4 57. Ra5+ Ke6 58. g4 Rh2 59. Kg5 h3
60. Ra6+ Kf7 61. Ra7+ Kf8 62. Ra8+ Kf7 63. Ra7+ Kf8 64. Kh4 Rh1 65. Ra3 h2 66.
Rf3+ Kg7 67. Rf2 Kg6 68. Rb2 Kf6 69. Re2 Kg6 70. Rf2 Kh6 71. Rc2 Kg6 72. Rb2
Kh6 73. Kh3 Kg5 74. Rxh2 Rc1 75. Rg2 Rc4 1-0

[Event "Elit(Limhamn-Eksjo)"]
[Site "?"]
[Date "2014.02.01"]
[Round "5"]
[White "de Verdier, Michael"]
[Black "Schneider, Stefan"]
[Result "0-1"]
[WhiteElo "2398"]
[BlackElo "2423"]
[PlyCount "136"]
[EventDate "2014.??.??"]

1. c4 Nf6 2. Nc3 e5 3. Nf3 Nc6 4. a3 d6 5. e3 Bg4 6. d3 Be7 7. Be2 O-O 8. O-O
Re8 9. b4 a6 10. Bb2 Bf8 11. h3 Bh5 12. Qc2 h6 13. Rac1 Rc8 14. Rfd1 Bg6 15.
Nd2 Qd7 16. Qa4 Nd8 17. Nde4 c6 18. Nxf6+ gxf6 19. d4 Qe7 20. d5 c5 21. Qb3 b6
22. Bd3 f5 23. Na4 Bg7 24. Nxb6 Rb8 25. Na4 Qh4 26. Qc3 cxb4 27. axb4 Kh7 28.
Qc2 f4 29. Bxg6+ fxg6 30. exf4 Qxf4 31. Qc3 Rf8 32. Rc2 Nf7 33. Bc1 Qf5 34. Re2
e4 35. Qb3 Ne5 36. Bb2 Nf3+ 37. Kf1 Rf7 38. Bxg7 Kxg7 39. c5 Rbf8 40. Qe3 Ne5
41. Nc3 Qh5 42. Nxe4 Rf3 43. Qd4 Kg8 44. cxd6 Rxh3 45. Ke1 Rh1+ 46. Kd2 Rh4 47.
Rde1 Nd7 48. g3 Rh2 49. f4 Rxe2+ 50. Rxe2 Qh1 51. Nf2 Qf3 52. Re7 Nf6 53. d7 g5
54. Qxf6 Qxd5+ 55. Nd3 Rxf6 56. Re8+ Rf8 57. d8=Q Qxd8 58. Rxd8 Rxd8 59. fxg5
hxg5 60. Ke3 Rb8 61. Nc5 Rxb4 62. Nxa6 Rc4 63. Nb8 Kf7 64. Nd7 Ke6 65. Nf8+ Kf5
66. Nd7 Rc3+ 67. Kf2 Rc7 68. Nb6 Ke4 0-1

[Event "Elit(Limhamn-Eksjo)"]
[Site "?"]
[Date "2014.02.01"]
[Round "5"]
[White "Malesevic, Nedeljko"]
[Black "Lindgren, Philip"]
[Result "0-1"]
[WhiteElo "2336"]
[BlackElo "2413"]
[PlyCount "88"]
[EventDate "2014.??.??"]

1. d4 Nf6 2. c4 e6 3. Nf3 b6 4. g3 Ba6 5. Nbd2 Bb4 6. Qc2 Bb7 7. Bg2 Be4 8. Qb3
Bxd2+ 9. Bxd2 O-O 10. O-O d6 11. Rfd1 Nbd7 12. Bg5 h6 13. Bxf6 Qxf6 14. Ne1
Bxg2 15. Nxg2 Rfd8 16. Ne3 c6 17. Qa4 Rdc8 18. Qa3 c5 19. Qd3 Rd8 20. Rd2 Rac8
21. Rad1 Rc7 22. Qe4 Rb8 23. b3 b5 24. cxb5 d5 25. Qd3 cxd4 26. Qxd4 Qxd4 27.
Rxd4 Rxb5 28. f3 Kf8 29. Kf2 Nb6 30. R4d2 Rbc5 31. Rb1 a5 32. Rbb2 e5 33. Nc2
Ke7 34. e3 a4 35. Nb4 Rb5 36. Nd3 axb3 37. axb3 Kd6 38. Ke2 Rc3 39. b4 Nc4 40.
Rdc2 Ra3 41. Ra2 e4 42. fxe4 dxe4 43. Rxc4 exd3+ 44. Kf3 Rxa2 0-1

[Event "Elit(Limhamn-Eksjo)"]
[Site "?"]
[Date "2014.02.01"]
[Round "5"]
[White "Penalver, Osmani"]
[Black "Ornstein, Axel"]
[Result "1/2-1/2"]
[WhiteElo "2287"]
[BlackElo "2324"]
[PlyCount "71"]

1. d4 Nf6 2. c4 e6 3. Nc3 Bb4 4. f3 c5 5. d5 exd5 6. cxd5 d6 7. e4 O-O 8. Bg5
Nbd7 9. a3 Ba5 10. Nh3 h6 11. Be3 a6 12. Be2 b5 13. O-O c4 14. Nf2 Bb6 15. Bxb6
Qxb6 16. b3 Qe3 17. Rc1 cxb3 18. Re1 b2 19. Rc2 Ne5 20. Bf1 Qb6 21. Rxb2 Bd7
22. Qd2 Rfc8 23. Ncd1 Nc4 24. Bxc4 Rxc4 25. Ne3 Ra4 26. Rc1 Rc8 27. Rxc8+ Bxc8
28. Qc1 Bd7 29. Rb4 Rxb4 30. axb4 a5 31. bxa5 Qxa5 32. Nd3 Ne8 33. g4 Nc7 34.
Nf5 Bxf5 35. gxf5 b4 36. Nxb4 1/2-1/2

[Event "Elit(Rockaden,Sthlm-Vasteras)"]
[Site "?"]
[Date "2014.02.01"]
[Round "5"]
[White "Sjodahl, Pontus"]
[Black "Blomqvist, Erik"]
[Result "1-0"]
[WhiteElo "2488"]
[BlackElo "2580"]
[PlyCount "75"]
[SourceDate "2014.02.07"]

1. d4 f5 2. g3 Nf6 3. Bg2 g6 4. Nh3 Bg7 5. c3 Nc6 6. Qb3 e6 7. Nf4 Qe7 8. Nd2
d6 9. Nxe6 Qxe6 10. d5 Nxd5 11. Bxd5 Qd7 12. Nc4 Rb8 13. Bf4 b5 14. Ne3 Nd8 15.
h4 Ne6 16. Rd1 Nxf4 17. gxf4 c6 18. Bf3 d5 19. c4 d4 20. cxb5 Rxb5 21. Qc4 Bb7
22. h5 Kf8 23. b3 Qd6 24. Nc2 Qc5 25. Qxc5+ Rxc5 26. Nxd4 Ke7 27. hxg6 hxg6 28.
Rxh8 Bxh8 29. e3 a5 30. Kd2 Bf6 31. Rh1 Ba6 32. Nxc6+ Kf7 33. Nd4 Rc8 34. Rh7+
Bg7 35. Bd5+ Kf6 36. Ne6 Bh8 37. Nc5 Bg7 38. Nd7+ 1-0

[Event "Elit(Rockaden,Sthlm-Vasteras)"]
[Site "?"]
[Date "2014.02.01"]
[Round "5"]
[White "Bator, Robert"]
[Black "Norberg, Johan"]
[Result "1/2-1/2"]
[WhiteElo "2472"]
[BlackElo "2365"]
[PlyCount "71"]

1. d4 d6 2. Nf3 g6 3. g3 Bg7 4. Bg2 Nf6 5. O-O O-O 6. c4 c5 7. d5 e6 8. Nc3
exd5 9. cxd5 a6 10. a4 Re8 11. Bf4 Ng4 12. Qc2 Ne5 13. Nxe5 Bxe5 14. Bxe5 Rxe5
15. e4 Nd7 16. Nd1 Rb8 17. Ne3 b5 18. axb5 axb5 19. b3 Re8 20. Kh1 Qf6 21. Ra7
c4 22. bxc4 b4 23. Ng4 Qd4 24. Qa4 b3 25. Rxd7 Bxd7 26. Qxd7 Kg7 27. h4 b2 28.
Kh2 Rxe4 29. Bxe4 Qxe4 30. Qxd6 b1=Q 31. Rxb1 Rxb1 32. Qf6+ Kf8 33. Qh8+ Ke7
34. Qf6+ Kf8 35. Qh8+ Ke7 36. Qf6+ 1/2-1/2

[Event "Elit(Rockaden,Sthlm-Vasteras)"]
[Site "?"]
[Date "2014.02.01"]
[Round "5"]
[White "Eriksson, Anders"]
[Black "Hedman, Erik"]
[Result "1/2-1/2"]
[WhiteElo "2353"]
[BlackElo "2445"]
[PlyCount "143"]

1. Nf3 c5 2. g3 Nc6 3. d4 cxd4 4. Nxd4 Nf6 5. Bg2 Qb6 6. Nb3 e6 7. c4 d5 8.
cxd5 exd5 9. O-O Be6 10. Nc3 Rd8 11. Bg5 Be7 12. Rc1 d4 13. Na4 Qb5 14. Nbc5
Bd5 15. Qd3 Qxd3 16. Nxd3 Bxg2 17. Kxg2 Nd5 18. Bxe7 Ndxe7 19. Rfd1 b6 20. b4
Rd5 21. a3 O-O 22. Rd2 Rfd8 23. Rdc2 R8d6 24. Nab2 g5 25. Nc4 Re6 26. a4 b5 27.
axb5 Rxb5 28. Na3 Rd5 29. Kf1 a5 30. b5 Nb4 31. Rb2 Nxd3 32. exd3 Rb6 33. Rcb1
Rb8 34. Nc4 Nc8 35. Nxa5 Nd6 36. Nc6 Rb7 37. b6 Nc8 38. Rb4 Rd6 39. Nxd4 Rbxb6
40. Ke2 Rxb4 41. Rxb4 Ne7 42. Nf3 h6 43. d4 Nc6 44. Rc4 g4 45. Nh4 Nxd4+ 46.
Ke3 Nc6 47. Rxg4+ Kf8 48. Rc4 Ne7 49. Rc5 Re6+ 50. Kf3 Rf6+ 51. Kg2 Ra6 52. g4
Ra3 53. f3 Ra2+ 54. Kg3 Ra3 55. Rb5 Ra6 56. Ng2 Ng6 57. Ne3 Ne7 58. h3 Ra3 59.
Nc4 Ra4 60. Nd6 Ra8 61. Ne4 Ra6 62. Rb8+ Kg7 63. Re8 Ng8 64. Re5 Nf6 65. Nf2
Ra3 66. Nd1 Kg6 67. Ne3 Ra4 68. Nf5 Rb4 69. Re7 Nh5+ 70. Kf2 Rb2+ 71. Ke1 Ng7
72. Nxg7 1/2-1/2

[Event "Elit(Rockaden,Sthlm-Vasteras)"]
[Site "?"]
[Date "2014.02.01"]
[Round "5"]
[White "Barkhagen, Jonas"]
[Black "Nilsson, Andre"]
[Result "1-0"]
[WhiteElo "2483"]
[BlackElo "2288"]
[PlyCount "59"]
[EventDate "2014.??.??"]

1. d4 b5 2. e4 Bb7 3. Bxb5 Bxe4 4. Nf3 Nf6 5. O-O e6 6. c4 Be7 7. Nc3 Bb7 8.
Re1 O-O 9. Ba4 c5 10. d5 exd5 11. cxd5 Re8 12. Bg5 Na6 13. d6 Bf8 14. Rxe8 Qxe8
15. Bxf6 gxf6 16. Bc2 Nb4 17. Bf5 Rc8 18. Nh4 Bg7 19. Qg4 Rd8 20. Ne4 Qe5 21.
Bxh7+ Kxh7 22. Nf5 Bh8 23. Qh4+ Kg6 24. g4 Qxf5 25. gxf5+ Kxf5 26. Re1 Rg8+ 27.
Ng3+ Kg6 28. Qh5+ Kg7 29. Re7 Bd5 30. a3 1-0

[Event "Elit(Rockaden,Sthlm-Vasteras)"]
[Site "?"]
[Date "2014.02.01"]
[Round "5"]
[White "Bergstrom, Peter"]
[Black "Karlsson, Lars"]
[Result "1-0"]
[WhiteElo "2332"]
[BlackElo "2456"]
[PlyCount "75"]

1. e4 c5 2. Nf3 Nc6 3. d4 cxd4 4. Nxd4 Nf6 5. Nc3 g6 6. Nxc6 bxc6 7. e5 Ng8 8.
Bc4 Bg7 9. Qf3 f5 10. Bf4 e6 11. O-O Qc7 12. Rfe1 Rb8 13. b3 Nh6 14. Rad1 Nf7
15. Qg3 Rg8 16. h4 Bf8 17. Na4 h6 18. Be3 c5 19. Nc3 Bb7 20. Nb5 Qc6 21. Nxa7
Qb6 22. Nb5 g5 23. hxg5 hxg5 24. b4 Rh8 25. bxc5 Qc6 26. Nd4 f4 27. Nxc6 Bxc6
28. Bxf4 gxf4 29. Qxf4 Bxc5 30. Bxe6 dxe6 31. Qc4 Ng5 32. Qxc5 Nf3+ 33. Kf1
Nh2+ 34. Ke2 Bxg2 35. Rd3 Rh4 36. Rg1 Re4+ 37. Kd2 Rbb4 38. Qc8+ 1-0

[Event "Elit(Rockaden,Sthlm-Vasteras)"]
[Site "?"]
[Date "2014.02.01"]
[Round "5"]
[White "Engqvist, Thomas"]
[Black "Norberg, Erik"]
[Result "1-0"]
[WhiteElo "2428"]
[BlackElo "2246"]
[PlyCount "133"]

1. d4 g6 2. e4 Bg7 3. Nf3 d6 4. c3 Nf6 5. Bd3 O-O 6. Bg5 c6 7. Nbd2 Qc7 8. h3
e5 9. dxe5 dxe5 10. Be3 Rd8 11. Qc2 Nbd7 12. a4 Nf8 13. a5 Ne6 14. Bc4 h6 15.
Nh4 Bd7 16. b4 b5 17. Bb3 Bf8 18. Qa2 Kg7 19. O-O c5 20. bxc5 Bxc5 21. Rfe1
Bxe3 22. Rxe3 Bc8 23. Nhf3 Nc5 24. Bc2 Be6 25. Qa3 Rd7 26. Qb4 a6 27. c4 bxc4
28. Nxc4 Bxc4 29. Qxc4 Ne6 30. Rc3 Rc8 31. Qxc7 Rdxc7 32. Rxc7 Rxc7 33. Bd3 Nc5
34. Rc1 Ne8 35. Bf1 Nb3 36. Rb1 Nxa5 37. Nxe5 Re7 38. Nd3 Rxe4 39. Nc5 Re5 40.
Nxa6 Nd6 41. Rd1 Nac4 42. Rd4 Re1 43. g3 Ne4 44. Kg2 Ne5 45. Nb4 f5 46. Rd5 Nf3
47. Rd7+ Kf8 48. Nd3 Ra1 49. Kxf3 Rxf1 50. Ke3 Nf6 51. Ra7 Rb1 52. Kd4 Rb6 53.
Nc5 Rc6 54. Rb7 Kg8 55. h4 Ng4 56. Kd5 Rf6 57. f3 Ne3+ 58. Kd4 Nf1 59. Ke5 Rc6
60. Ne6 Kh8 61. Rb8+ Kh7 62. Rb7+ Kh8 63. Kf6 Nxg3 64. Rb8+ Kh7 65. Kf7 Rxe6
66. Kxe6 g5 67. Kf6 1-0

[Event "Elit(Rockaden,Sthlm-Vasteras)"]
[Site "?"]
[Date "2014.02.01"]
[Round "5"]
[White "Janse, Rasmus"]
[Black "Kenneskog, Theodor"]
[Result "1/2-1/2"]
[WhiteElo "2281"]
[BlackElo "2346"]
[PlyCount "146"]

1. d4 Nf6 2. c4 g6 3. Nc3 d5 4. cxd5 Nxd5 5. e4 Nxc3 6. bxc3 Bg7 7. Bc4 c5 8.
Ne2 Nc6 9. Be3 O-O 10. O-O Na5 11. Bd3 b6 12. Qd2 e5 13. d5 f5 14. f4 fxe4 15.
Bxe4 Nc4 16. Qd3 Nxe3 17. Qxe3 Qd6 18. fxe5 Rxf1+ 19. Rxf1 Qxe5 20. Qf4 Ba6 21.
d6 Rd8 22. Qxe5 Bxe5 23. Bd5+ Kh8 24. c4 Rd7 25. Be6 Rxd6 26. Rf8+ Kg7 27. Rf7+
Kh6 28. Rxa7 Rxe6 29. Rxa6 Bxh2+ 30. Kxh2 Rxe2 31. Rxb6 Rc2 32. a4 Rxc4 33. a5
Ra4 34. Rb5 c4 35. Rc5 c3 36. Rxc3 Rxa5 37. Rc7 Rf5 38. Kg3 Rf6 39. Kg4 g5 40.
Rc8 Rf4+ 41. Kg3 Kh5 42. Rc5 Rd4 43. Kh3 Rd3+ 44. g3 Re3 45. Ra5 Re6 46. Rb5
Kg6 47. Kg2 h5 48. Ra5 Kf6 49. Ra8 Kf5 50. Kf3 g4+ 51. Kf2 Re5 52. Rb8 Rc5 53.
Rf8+ Ke4 54. Re8+ Kd4 55. Rd8+ Kc4 56. Ra8 Rf5+ 57. Kg2 Rd5 58. Rc8+ Kd3 59.
Kf2 Rf5+ 60. Kg2 Re5 61. Rd8+ Ke3 62. Ra8 Rd5 63. Ra3+ Rd3 64. Ra5 Rd2+ 65. Kg1
Ke4 66. Rxh5 Kf3 67. Ra5 Kxg3 68. Ra3+ Kh4 69. Rb3 Re2 70. Ra3 Kg5 71. Ra5+ Kf4
72. Ra4+ Re4 73. Rxe4+ Kxe4 1/2-1/2

[Event "Elit(Rockaden,Sthlm-Vasteras)"]
[Site "?"]
[Date "2014.02.01"]
[Round "5"]
[White "Lokander, Martin"]
[Black "Kretz, Johan"]
[Result "0-1"]
[WhiteElo "2331"]
[BlackElo "2210"]
[PlyCount "86"]

1. d4 Nf6 2. c4 e6 3. Nc3 Bb4 4. f3 c5 5. a3 Bxc3+ 6. bxc3 d6 7. e4 O-O 8. Bd3
e5 9. Ne2 Nc6 10. O-O h6 11. f4 cxd4 12. cxd4 Nxd4 13. Nxd4 Qb6 14. c5 Qxc5 15.
Bb2 exd4 16. Qd2 Bd7 17. Rac1 Qb6 18. Rc4 d5 19. Rb4 Qa5 20. e5 Ne4 21. Bxe4
dxe4 22. Qxd4 Bc6 23. e6 f6 24. f5 Rfd8 25. Qf2 Rd3 26. Rd4 Rd8 27. Rxd3 Rxd3
28. Bc1 Qc3 29. Re1 b6 30. h3 a5 31. Kh2 b5 32. Bf4 Qxa3 33. Rc1 e3 34. Bxe3
Qd6+ 35. Bf4 Qd5 36. Rc5 Qe4 37. Bg3 a4 38. Rc2 b4 39. Qa7 Rxg3 40. Kxg3 Qxc2
41. Qg1 Qxg2+ 42. Qxg2 Bxg2 43. e7 Kf7 0-1

[Event "Elit(Orgryte-LASK)"]
[Site "?"]
[Date "2014.02.01"]
[Round "5"]
[White "Hillarp Persson, Tiger"]
[Black "Frisk Kockum, Anton"]
[Result "1-0"]
[WhiteElo "2620"]
[BlackElo "2425"]
[PlyCount "83"]

1. d4 Nf6 2. c4 e6 3. Nc3 Bb4 4. Qc2 O-O 5. a3 Bxc3+ 6. Qxc3 b6 7. Bg5 Ba6 8.
e3 d6 9. Bd3 Nbd7 10. Ne2 h6 11. Bh4 c5 12. Qc2 cxd4 13. exd4 Rc8 14. Qa4 Bb7
15. O-O Qc7 16. Nc3 Qc6 17. Qxc6 Bxc6 18. b4 d5 19. c5 bxc5 20. dxc5 d4 21. Ne2
Ne5 22. Ba6 d3 23. Nc3 Nd5 24. Nxd5 Bxd5 25. Bg3 Nc4 26. Rfd1 d2 27. Bxc8 Rxc8
28. Bf4 Bc6 29. a4 Rd8 30. b5 Be4 31. Bxd2 Bc2 32. Rdc1 Rxd2 33. c6 Nb6 34. c7
e5 35. a5 Nc8 36. Ra2 Rd1+ 37. Rxd1 Bxd1 38. Rd2 Bg4 39. Rd8+ Kh7 40. f3 Be6
41. Rxc8 Bxc8 42. a6 1-0

[Event "Elit(Orgryte-LASK)"]
[Site "?"]
[Date "2014.02.01"]
[Round "5"]
[White "Kumar, Rahul"]
[Black "Grandelius, Nils"]
[Result "0-1"]
[WhiteElo "2245"]
[BlackElo "2642"]
[PlyCount "68"]

1. e4 c5 2. Nf3 d6 3. d4 cxd4 4. Nxd4 Nf6 5. Nc3 a6 6. Be3 e6 7. g4 b5 8. g5
Nfd7 9. Bg2 Bb7 10. a4 b4 11. Nce2 Nc5 12. Ng3 Nbd7 13. a5 g6 14. O-O h5 15. h4
Ne5 16. Bd2 Bg7 17. Bxb4 O-O 18. Nb3 Qc7 19. Nxc5 dxc5 20. Bc3 Rfd8 21. Qe2 Bc6
22. Rfd1 Bb5 23. Qe1 Rab8 24. f4 Nc6 25. Bxg7 Kxg7 26. c4 Rxd1 27. Rxd1 Ba4 28.
Ra1 Rb4 29. b3 Bxb3 30. Qc3+ Nd4 31. Rf1 Bxc4 32. Rd1 Bb5 33. Qc1 Ba4 34. Rd3
Bc2 0-1

[Event "Elit(Orgryte-LASK)"]
[Site "?"]
[Date "2014.02.01"]
[Round "5"]
[White "Smith, Axel"]
[Black "Arnelind, Mikael"]
[Result "1/2-1/2"]
[WhiteElo "2544"]
[BlackElo "2229"]
[PlyCount "144"]

1. d4 Nf6 2. c4 e6 3. g3 d5 4. Nf3 Bb4+ 5. Bd2 Be7 6. Bg2 c6 7. Qc2 O-O 8. O-O
b6 9. Rd1 Nbd7 10. Bf4 Bb7 11. Ne5 Rc8 12. Nc3 Nh5 13. Bc1 f5 14. Qa4 Nxe5 15.
dxe5 a6 16. e4 fxe4 17. Bh3 b5 18. Qb3 Qb6 19. Bxe6+ Kh8 20. Be3 d4 21. Bxd4 c5
22. Bxc8 cxd4 23. c5 Qxc5 24. Bxb7 dxc3 25. Qxc3 Qxf2+ 26. Kh1 b4 27. Qb3 e3
28. Rg1 Bc5 29. Qd3 Qxb2 30. Raf1 Rb8 31. Bf3 Qxe5 32. Bxh5 Qxh5 33. Rf5 Qg6
34. Rgf1 Qc6+ 35. Qd5 Qxd5+ 36. Rxd5 Bb6 37. Kg2 h6 38. Rd6 a5 39. Re6 a4 40.
Rf5 Bd4 41. Rd5 Bf6 42. Rxe3 b3 43. axb3 axb3 44. Rd1 b2 45. Rb1 Kh7 46. Kf3
Kg6 47. Re4 Rb3+ 48. Kg4 Rb5 49. Re2 Rb4+ 50. Kf3 Kf5 51. Re8 Rb3+ 52. Kg2 Rb5
53. Rf1+ Kg6 54. Rb1 Rb3 55. Re6 Kf5 56. Re8 Rb5 57. Rf1+ Kg5 58. Rb1 h5 59.
Re3 Rb4 60. Rf3 Rb5 61. Re3 h4 62. gxh4+ Kxh4 63. Re2 Rb3 64. Re4+ Kg5 65. Re2
Rb5 66. Re8 Kf5 67. Rf1+ Kg6 68. Rb1 Rg5+ 69. Kf3 Kf7 70. Re2 Rb5 71. Kg2 Rb4
72. Re3 Rb5 1/2-1/2

[Event "Elit(Orgryte-LASK)"]
[Site "?"]
[Date "2014.02.01"]
[Round "5"]
[White "Ziegler, Ari"]
[Black "Tikkanen, Hans"]
[Result "0-1"]
[WhiteElo "2353"]
[BlackElo "2631"]
[PlyCount "136"]

1. d4 e6 2. e4 d5 3. Nc3 Bb4 4. e5 c5 5. a3 Ba5 6. dxc5 Bxc3+ 7. bxc3 Ne7 8.
Bd3 Nd7 9. f4 Nxc5 10. Nf3 Bd7 11. O-O Rc8 12. Nd4 Nxd3 13. Qxd3 Rc4 14. a4 Qa5
15. Bd2 Rxa4 16. Rab1 Qc7 17. Rf3 a6 18. Rh3 g6 19. Qg3 h5 20. Qg5 Rxd4 21.
cxd4 Qxc2 22. Rhb3 Qxd2 23. Rxb7 Qxd4+ 24. Kh1 Qe4 25. Rc1 d4 26. Qf6 O-O 27.
Rxd7 Nd5 28. Qg5 Qe3 29. Rf1 d3 30. Qg3 d2 31. Rxd5 Qxg3 32. hxg3 exd5 33. Rd1
d4 34. Rxd2 Rd8 35. Kg1 d3 36. Kf2 a5 37. Ke1 a4 38. Kd1 Rd4 39. Rb2 Kf8 40.
Kd2 Ke7 41. Rb6 h4 42. gxh4 Rxf4 43. Kxd3 Rg4 44. Ra6 a3 45. Ke3 Rxg2 46. Kf3
Ra2 47. Ke4 Ra1 48. Ra7+ Ke6 49. Ra6+ Kd7 50. Kf3 Kc7 51. Kg2 Kb7 52. Ra4 Kc6
53. Ra8 Kd5 54. Ra5+ Ke4 55. Kh2 Kf5 56. Kg2 Kf4 57. Kh2 a2 58. Kg2 Kg4 59.
Ra4+ Kh5 60. Kh2 Re1 61. Rxa2 Rxe5 62. Ra7 f5 63. Rh7+ Kg4 64. Rh6 Re6 65. Kg1
Ra6 66. Kf2 f4 67. h5 Ra2+ 68. Kg1 g5 0-1

[Event "Elit(Orgryte-LASK)"]
[Site "?"]
[Date "2014.02.01"]
[Round "5"]
[White "Semcesen, Daniel"]
[Black "Fransson, Percy"]
[Result "1-0"]
[WhiteElo "2535"]
[BlackElo "2208"]
[PlyCount "59"]

1. d4 Nf6 2. c4 g6 3. Nc3 Bg7 4. e4 d6 5. h3 O-O 6. Nf3 e5 7. d5 Na6 8. Bg5 h6
9. Be3 c6 10. g4 Kh7 11. Be2 cxd5 12. cxd5 Qa5 13. Nd2 Bd7 14. a3 Qd8 15. h4
Ng8 16. h5 g5 17. f3 Bf6 18. Kf2 Qe8 19. Nc4 Qb8 20. b4 b5 21. Na5 Rc8 22. Nc6
Bxc6 23. dxc6 Rxc6 24. Qb3 Qb7 25. Nxb5 Kg7 26. Rhd1 Be7 27. Rac1 Rac8 28. Rxc6
Rxc6 29. Nxa7 Nc5 30. Qd5 1-0

[Event "Elit(Orgryte-LASK)"]
[Site "?"]
[Date "2014.02.01"]
[Round "5"]
[White "Fransson, Patrick"]
[Black "Olsson, Linus"]
[Result "1-0"]
[WhiteElo "2198"]
[BlackElo "2334"]
[PlyCount "89"]

1. d4 g6 2. e4 Nf6 3. f3 d5 4. e5 Nfd7 5. c4 dxc4 6. Bxc4 Nb6 7. Bb3 e6 8. Nc3
Bg7 9. Be3 O-O 10. Qd2 Nc6 11. Ne4 a5 12. a4 Qe7 13. Ne2 Qb4 14. Qc3 Nd7 15.
O-O Qxc3 16. bxc3 b6 17. f4 Ba6 18. Rfe1 Ne7 19. c4 Rac8 20. N2c3 Nf5 21. Bf2
c5 22. d5 Nd4 23. Bxd4 cxd4 24. Nb5 Nc5 25. Nxc5 bxc5 26. d6 Bh6 27. g3 g5 28.
fxg5 Bxg5 29. Bc2 Be3+ 30. Rxe3 dxe3 31. Re1 Bb7 32. Rxe3 f6 33. Be4 Bxe4 34.
Rxe4 Rce8 35. Kg2 Kf7 36. Rf4 f5 37. Rh4 Kg6 38. Nc7 Rb8 39. Nxe6 Rb2+ 40. Kh3
Rg8 41. Nf4+ Kg7 42. Rh5 Rd2 43. Rg5+ Kh6 44. Rxf5 Rd4 45. Rf6+ 1-0